000 00875nas a2200217 a 4500
005 20170404150749.0
008 170404s1973 mx au|p|r|||| 00| 0 spa d
040 _aCO-BoIAVH
_cCO-BoIAVH
041 0 _aspa
044 _amx
090 _aSE-
245 0 0 _aAvances de investigación agrícola en zonas de riego y temporal
260 _aMéxico D.F. :
_bSecretaria de Agricultura y Recursos Hidráulicos,
_c1973-.
300 _bilustraciones, tablas y gráficas ;
_c28 x 21 cm.
310 _aa
650 2 6 _aAgricultura
_zMéxico
_vPublicaciones periódicas
650 2 6 _aFruticultura
_zMéxico
_vPublicaciones periódicas
650 2 6 _aEstructura agraria
_zMéxico
_vPublicaciones periódicas
710 1 _aMéxico
_bInstituto Nacional de Investigaciones Agrícolas
_bSecretaría de Agricultura y Recursos Hidráulicos
942 _2z
_cREVISTA
_s1
999 _c19459
_d19459